Leyes administrativas /

Guardado en:
Autor Principal: Argentina
Formato: Libro
Publicado: Córdoba [argenitna] : Alveroni, 2005
Edición:4a. ed. 1a. reimp.
Materias:
Etiquetas: Agregar Etiqueta
Sin Etiquetas, Sea el primero en etiquetar este registro!
LEADER 01246nam a22002055a 4500
001 CEM.cems013785
005 20130219142357.0
008 130507s2005##################000#0#####d
003 CEMS
082 0 4 |a 344 
100 1 |a Argentina 
245 1 0 |a Leyes administrativas /  |c Argentina 
250 |a 4a. ed. 1a. reimp. 
260 |a Córdoba [argenitna] :  |b Alveroni,  |c 2005 
300 |a 98 p. 
505 0 |a Régimen Nacional de Procedimientos Administrativos Ley 19.549 (con las modificaciones de las leyes 21.686 y 35.344). -- Reforma de procedimientos administrativos: Decreto 1883/91. -- Reglamento de procedimientos administrativos: Decreto 1759/72 (t.o. 1991). -- Vigencia de diversos procedimientos: Decreto 9101/72. -- Administración Pública Nacional: Decreto 722/96, modificado por decreto 1155/97. -- Procedimiento administrativo Ley provincial 6658 (con las modificaciones de las leyes 7204, 7340, 7598, 7911, 8248 8649). -- Código de Procedimiento Contencioso-Administrativo Ley provincial 7182 (con las modificaciones de la ley 7818). -- Acción de Amparo por Mora de la Administración Ley provincial 8508 
653 |a Derecho 
653 |a Leyes 
653 |a Administración 
859 |a CEMS  |b BIB. CEMS - 11 de abril  |h 344  |i Ar37-2  |p 26366.12  |t Ej.1